000 00857cam a22002771 4500
001 28351
003 BD-RjUL
005 20211209051254.0
008 140330s1952 enk 001 0 eng
035 _a(BD-RjUL)28432
035 _a(OCoLC)367553
040 _aDLC
_cODaWU
_dOCoLC
_dUk
_dDLC
_dBD-RjUL
_beng
041 _aeng
082 _a104
_bBRE 1952
100 1 _aBroad, C. D.
_q(Charlie Dunbar),
_d1887-1971.
_93662
245 1 0 _aEthics and the history of philosophy :
_bselected essays /
_cC. D. Broad.
260 _aLondon :
_bRoutledge & K. Paul,
_c1952.
300 _axiii, 274 p. ;
_c22 cm.
504 _aIncludes Index.
650 0 _aPhilosophy.
_986813
650 0 _aEthics.
_986814
942 _2ddc
_cBK
999 _c28351
_d28351